[Event "1. OEsterreichische Internet Schach Meisterschaft - Vorrunde 2"]
[Site "Online - Playchess.com"]
[Date ""]
[Round "9"]
[Board "55"]
[White "Werdecker, Roland"]
[Black "Kucharski, Michael"]
[Result "1/2-1/2"]
[WhiteElo "1960"]
[BlackElo "1927"]
[PlyCount "97"]
[EventDate "2020.04.13"]
[EventRounds "9"]
[EventCountry "AUT"]

1. d4 d5 2. Nf3 Nf6 3. g3 c6 4. Bg2 Bf5 5. O-O h6 6. Nbd2 e6 7. c4 Ne4 8. Qb3 Qb6
9. Qxb6 axb6 10. Rd1 Nd7 11. Nh4 Bh7 12. Nxe4 dxe4 13. Bh3 g5 14. Ng2 f5 15. Ne3
Nf6 16. Nc2 Be7 17. a3 Kf7 18. b4 Rhd8 19. Bb2 Rd7 20. Bg2 h5 21. a4 f4 22. e3 fxg3
23. fxg3 Bf5 24. h3 g4 25. h4 Kg6 26. Bc3 Ne8 27. Rd2 Nd6 28. Bf1 Nf7 29. b5 cxb5
30. axb5 Rxa1 31. Nxa1 Bf6 32. Ra2 Rc7 33. Bb4 Be7 34. Bxe7 Rxe7 35. Nb3 Rc7 36.
Ra4 Kf6 37. Kf2 Ke7 38. Be2 e5 39. d5 Nd6 40. Ke1 Bd7 41. Nd2 Rc8 42. Ra7 Rc7 43.
Nb3 Nf5 44. Kf2 Nd6 45. Nd2 Be8 46. Kg2 Bd7 47. Kf2 Nf5 48. Bf1 Nd6 49. Be2  1/2-1/2

[Event "1. OEsterreichische Internet Schach Meisterschaft - Vorrunde 2"]
[Site "Online - Playchess.com"]
[Date ""]
[Round "9"]
[Board "56"]
[White "Enne, Harald"]
[Black "Hofstadler, Mario"]
[Result "0-1"]
[WhiteElo "1916"]
[BlackElo "1867"]
[PlyCount "116"]
[EventDate "2020.04.13"]
[EventRounds "9"]
[EventCountry "AUT"]

1. d4 Nf6 2. c4 c5 3. d5 b5 4. cxb5 a6 5. bxa6 Bxa6 6. Nc3 g6 7. g3 Bg7 8. Bg2 d6
9. Nf3 Nbd7 10. O-O Nb6 11. Re1 O-O 12. e4 Nfd7 13. Bf4 Nc4 14. Qc2 Rb8 15. Na4 Nxb2
16. Nxb2 Rxb2 17. Qc1 Qb6 18. a4 Rb8 19. h4 Bd3 20. e5 dxe5 21. Nxe5 Nxe5 22. Bxe5
Bxe5 23. Rxe5 c4 24. Qf4 Qf6 25. Qxf6 exf6 26. Re7 c3 27. d6 Bf5 28. d7 Rb1+ 29.
Rxb1 Rxb1+ 30. Kh2 Bxd7 31. Rxd7 c2 32. Rc7 c1=Q 33. Rxc1 Rxc1 34. Bf3 Ra1 35. Bc6
Kf8 36. Kg2 Ke7 37. Kf3 Kd6 38. Bb5 Ke5 39. Kg2 f5 40. Be8 f4 41. gxf4+ Kxf4 42.
Bxf7 Rxa4 43. Bg8 Ra7 44. Bd5 Kg4 45. h5 Kxh5 46. Kg3 Kg5 47. f4+ Kf5 48. Bf3 Ra3
49. Kf2 Kxf4 50. Bd5 g5 51. Kg2 g4 52. Bg8 h5 53. Bf7 h4 54. Be6 Rc3 55. Bd7 Rc2+
56. Kg1 Kg3 57. Kf1 Rc1+ 58. Ke2 h3  0-1

[Event "1. OEsterreichische Internet Schach Meisterschaft - Vorrunde 2"]
[Site "Online - Playchess.com"]
[Date ""]
[Round "9"]
[Board "57"]
[White "Simon, Christopher"]
[Black "Kwech, Andreas"]
[Result "1-0"]
[WhiteElo "1824"]
[BlackElo "1901"]
[PlyCount "43"]
[EventDate "2020.04.13"]
[EventRounds "9"]
[EventCountry "AUT"]

1. d4 Nf6 2. Bf4 g6 3. e3 Bg7 4. Nf3 O-O 5. c3 d6 6. Nbd2 Bg4 7. Be2 c6 8. h3 Bxf3
9. Nxf3 Nbd7 10. Qc2 Rc8 11. O-O Re8 12. Rad1 Qa5 13. a3 e5 14. dxe5 dxe5 15. Bg3
Qc7 16. Rd2 Rcd8 17. Rfd1 Nd5 18. c4 N5b6 19. c5 Nd5 20. e4 N5f6 21. Nxe5 Re6 22.
Nxd7  1-0

[Event "1. OEsterreichische Internet Schach Meisterschaft - Vorrunde 2"]
[Site "Online - Playchess.com"]
[Date ""]
[Round "9"]
[Board "58"]
[White "Flir, Emilio"]
[Black "Miazhynski, Michael"]
[Result "1-0"]
[WhiteElo "1843"]
[BlackElo "1827"]
[PlyCount "51"]
[EventDate "2020.04.13"]
[EventRounds "9"]
[EventCountry "AUT"]

1. d4 Nf6 2. c4 c5 3. Nf3 e6 4. Nc3 cxd4 5. Nxd4 d5 6. cxd5 Nxd5 7. Nxd5 Qxd5 8.
e3 Bb4+ 9. Bd2 Bxd2+ 10. Qxd2 O-O 11. Nf3 Qxd2+ 12. Nxd2 b6 13. Be2 Bb7 14. Bf3 Bxf3
15. Nxf3 Nd7 16. Rc1 Rac8 17. Ke2 Nf6 18. Nd4 Rfd8 19. Nc6 Re8 20. Ne7+ Rxe7 21.
Rxc8+ Re8 22. Rxe8+ Nxe8 23. Rc1 Kf8 24. Rc8 Ke7 25. Ra8 a5 26. Rb8  1-0

[Event "1. OEsterreichische Internet Schach Meisterschaft - Vorrunde 2"]
[Site "Online - Playchess.com"]
[Date ""]
[Round "9"]
[Board "59"]
[White "Pernerstorfer, Max"]
[Black "Mittelbach, Eduard"]
[Result "1-0"]
[WhiteElo "2066"]
[BlackElo "1667"]
[PlyCount "27"]
[EventDate "2020.04.13"]
[EventRounds "9"]
[EventCountry "AUT"]

1. e4 d5 2. exd5 Nf6 3. d4 Nxd5 4. Nf3 g6 5. Be2 Bg7 6. O-O O-O 7. c4 Nb6 8. h3 Nc6
9. Be3 e5 10. d5 Ne7 11. Nc3 Nf5 12. Rc1 Nxe3 13. fxe3 Bh6 14. Qd2  1-0

[Event "1. OEsterreichische Internet Schach Meisterschaft - Vorrunde 2"]
[Site "Online - Playchess.com"]
[Date ""]
[Round "9"]
[Board "60"]
[White "Mayrhuber, Nikola"]
[Black "Missethan, Michael"]
[Result "1-0"]
[WhiteElo "2025"]
[BlackElo "2015"]
[PlyCount "135"]
[EventDate "2020.04.13"]
[EventRounds "9"]
[EventCountry "AUT"]

1. d4 d5 2. c4 e6 3. g3 Nf6 4. Bg2 Be7 5. Nf3 dxc4 6. O-O Nc6 7. Ne5 Nxe5 8. dxe5
Qxd1 9. Rxd1 Nd5 10. Na3 Bxa3 11. bxa3 c6 12. a4 Bd7 13. Ba3 Nc3 14. Rd2 Nxa4 15.
Rad1 Rd8 16. Bd6 Bc8 17. Rc2 Nb6 18. e3 f6 19. Rdc1 fxe5 20. Bxe5 Rg8 21. Bc7 Rd3
22. Be4 Rd7 23. Be5 g6 24. Bf3 Rf7 25. Bg4 Rgf8 26. Bf4 Bd7 27. Bd6 Rg8 28. Rc3 h5
29. Bh3 g5 30. Bg2 g4 31. e4 Rg6 32. e5 Rg5 33. a3 Rgf5 34. R1c2 Kd8 35. Be4 Rg5
36. Rd2 Kc8 37. Ra2 Rg8 38. a4 Nd5 39. Rcc2 c3 40. a5 a6 41. Rab2 cxb2 42. Rxb2 Rg5
43. Rc2 Rgf5 44. Bxf5 Rxf5 45. Kg2 Rf3 46. Rb2 Ra3 47. Bxa3 c5 48. Bxc5 Bb5 49. Bd6
Kd7 50. Rc2 Bd3 51. Rd2 Be4+ 52. Kg1 Kc6 53. Rb2 Bf3 54. Kf1 Be4 55. Ke1 Bd3 56.
Kd2 Bb5 57. Rc2+ Kd7 58. Rc5 Ke8 59. Rc1 Kf7 60. Rc8 Kg6 61. Rg8+ Kf5 62. Rh8 Ke4
63. Rxh5 Nb4 64. Bxb4 Kf3 65. Rh4 Kxf2 66. Rxg4 Kg2 67. Rg7 Bc6 68. h4  1-0

[Event "1. OEsterreichische Internet Schach Meisterschaft - Vorrunde 2"]
[Site "Online - Playchess.com"]
[Date ""]
[Round "9"]
[Board "61"]
[White "Hessenberger, Andreas"]
[Black "Wurzer, Gerhard"]
[Result "1/2-1/2"]
[WhiteElo "2019"]
[BlackElo "1889"]
[PlyCount "121"]
[EventDate "2020.04.13"]
[EventRounds "9"]
[EventCountry "AUT"]

1. e4 c6 2. d4 d6 3. Bd3 Qc7 4. Ne2 e5 5. O-O Nf6 6. c3 Be7 7. h3 Nbd7 8. f4 exf4
9. Bxf4 Nf8 10. e5 Nd5 11. e6 Nxe6 12. Bh2 O-O 13. Rf3 Qb6 14. Qc2 Nf6 15. Nd2 Qd8
16. Raf1 d5 17. Ng3 Bd6 18. Nf5 Bxh2+ 19. Kxh2 Ng5 20. Rg3 Bxf5 21. Rxf5 Nge4 22.
Nxe4 Nxe4 23. Bxe4 dxe4 24. Qxe4 g6 25. Re5 Qd6 26. Qf4 f6 27. Re4 Qxf4 28. Rxf4
Rae8 29. Rgf3 Kg7 30. Rf2 Re3 31. g4 h6 32. Kg2 Re6 33. h4 Rfe8 34. g5 hxg5 35. hxg5
f5 36. R4f3 Re4 37. Rg3 Re2 38. Kf3 Rxf2+ 39. Kxf2 Re4 40. Re3 Rxe3 41. Kxe3 Kf7
42. Kf4 Ke6 43. c4 a6 44. a4 a5 45. b3 b6 46. Ke3 Kd6 47. Kd3 c5 48. d5 Ke5 49. Ke3
Kd6 50. Kf4 Kd7 51. Ke5 Kc7 52. Kf4 Kd6 53. Kf3 Ke5 54. Ke3 Kd6 55. Kf4 Kd7 56. Ke5
Ke7 57. Kf4 Kd6 58. Kf3 Ke7 59. Ke2 Kd6 60. Kd3 Ke5 61. Ke3  1/2-1/2

[Event "1. OEsterreichische Internet Schach Meisterschaft - Vorrunde 2"]
[Site "Online - Playchess.com"]
[Date ""]
[Round "9"]
[Board "62"]
[White "Steininger, Barbara"]
[Black "Haas, Gerald"]
[Result "1-0"]
[WhiteElo "1622"]
[BlackElo "1906"]
[PlyCount "79"]
[EventDate "2020.04.13"]
[EventRounds "9"]
[EventCountry "AUT"]

1. d4 d5 2. c4 e6 3. Nc3 Nf6 4. Nf3 c6 5. Bg5 Be7 6. e3 Ne4 7. Bxe7 Qxe7 8. Nxe4
dxe4 9. Nd2 f5 10. c5 Nd7 11. Nc4 O-O 12. Qb3 Kh8 13. Nd6 e5 14. O-O-O exd4 15. exd4
b6 16. Nxc8 Rfxc8 17. cxb6 axb6 18. Kb1 Ra5 19. Bc4 Rca8 20. Qc3 c5 21. Bb3 Rc8 22.
Rd2 Qf6 23. Rhd1 Nf8 24. d5 Qxc3 25. bxc3 c4 26. Bc2 Nd7 27. g4 g6 28. gxf5 gxf5
29. f3 e3 30. Rg2 Ne5 31. Bxf5 Rca8 32. Be4 Rf8 33. Rdg1 Nd3 34. Re2 Nc5 35. Rg3
Rb5+ 36. Kc2 Ra8 37. Kc1 Nd3+ 38. Bxd3 cxd3 39. Rxe3 Rxd5 40. Rg2  1-0

[Event "1. OEsterreichische Internet Schach Meisterschaft - Vorrunde 2"]
[Site "Online - Playchess.com"]
[Date ""]
[Round "9"]
[Board "63"]
[White "Friedl, Markus"]
[Black "Haemmerle, Dietmar"]
[Result "1-0"]
[WhiteElo "1857"]
[BlackElo "1762"]
[PlyCount "67"]
[EventDate "2020.04.13"]
[EventRounds "9"]
[EventCountry "AUT"]

1. e4 e6 2. d4 d5 3. exd5 exd5 4. Bd3 Nf6 5. Ne2 Be7 6. O-O O-O 7. Re1 Re8 8. Ng3
Nc6 9. c3 Bg4 10. f3 Bd7 11. Bg5 h6 12. Bxf6 Bxf6 13. Nd2 Be6 14. Nb3 b6 15. Qd2
Qd7 16. Qc2 Re7 17. Re2 Rae8 18. Rae1 a5 19. Nd2 Nd8 20. b3 c6 21. a4 Bg5 22. Ndf1
f5 23. Nxf5 Bxf5 24. Bxf5 Qd6 25. Rxe7 Rxe7 26. Rxe7 Qxe7 27. Qd3 Nf7 28. g3 Nd6
29. Bg4 Bf6 30. Kf2 Qe8 31. Qe2 Qg6 32. Qe6+ Nf7 33. Bf5 Qg5 34. Qe8#  1-0

[Event "1. OEsterreichische Internet Schach Meisterschaft - Vorrunde 2"]
[Site "Online - Playchess.com"]
[Date ""]
[Round "9"]
[Board "64"]
[White "Maister, Dieter"]
[Black "Katter, Marlene"]
[Result "1-0"]
[WhiteElo "1851"]
[BlackElo "1609"]
[PlyCount "93"]
[EventDate "2020.04.13"]
[EventRounds "9"]
[EventCountry "AUT"]

1. e4 e6 2. d4 d5 3. Nc3 dxe4 4. Nxe4 Nd7 5. Nf3 Ngf6 6. Ng3 c5 7. Bd3 Be7 8. O-O
O-O 9. Re1 b6 10. c3 Bb7 11. Ng5 h6 12. N5e4 Qc7 13. Bc2 Nd5 14. Qd3 N7f6 15. Nxf6+
Nxf6 16. Nh5 g6 17. Nxf6+ Bxf6 18. Bxh6 Bg7 19. Bxg7 Kxg7 20. Re3 Rfd8 21. Rh3 Rac8
22. Qe3 cxd4 23. Qh6+ Kf6 24. Qh4+ g5 25. Qh6+ Ke7 26. Qxg5+ Kd7 27. Rd1 Rf8 28.
Ba4+ Bc6 29. Rxd4+ Ke8 30. Bxc6+ Qxc6 31. Rhd3 Qc7 32. Qf6 Qe7 33. Qe5 Rg8 34. g3
Kf8 35. Qe3 Ke8 36. Rd6 Kf8 37. Qe4 Ke8 38. Qa4+ Kf8 39. Rd7 Qe8 40. Qxa7 Kg7 41.
Qa4 Rf8 42. Qg4+ Kh8 43. Qh5+ Kg7 44. Qg5+ Kh8 45. R3d4 f6 46. Rh4+ Qh5 47. Rxh5#
 1-0

[Event "1. OEsterreichische Internet Schach Meisterschaft - Vorrunde 2"]
[Site "Online - Playchess.com"]
[Date ""]
[Round "9"]
[Board "65"]
[White "Schwarz, Benedikt"]
[Black "Kessler, Manuel"]
[Result "1-0"]
[WhiteElo "1815"]
[BlackElo "1731"]
[PlyCount "77"]
[EventDate "2020.04.13"]
[EventRounds "9"]
[EventCountry "AUT"]

1. d4 Nf6 2. Bf4 c5 3. e3 e6 4. c3 Nc6 5. Nd2 h6 6. Ngf3 Nh5 7. Bg3 Nxg3 8. hxg3
d5 9. g4 Bd6 10. g5 Qb6 11. Qc2 Bd7 12. gxh6 Rxh6 13. Rxh6 gxh6 14. O-O-O O-O-O 15.
Qb3 c4 16. Qxb6 axb6 17. e4 dxe4 18. Nxe4 Be7 19. Bxc4 Rg8 20. g3 Na5 21. Bd3 f5
22. Ned2 Bc6 23. Ne5 Bg5 24. Kc2 Bxd2 25. Kxd2 Bd5 26. b3 Nc6 27. Nxc6 Bxc6 28. Ke3
Kd7 29. Be2 b5 30. Bf3 Ra8 31. Bxc6+ bxc6 32. Rd2 Kd6 33. Kf4 Rg8 34. c4 Rg4+ 35.
Ke3 Re4+ 36. Kd3 e5 37. dxe5+ Kxe5 38. cxb5 c5 39. Re2  1-0

[Event "1. OEsterreichische Internet Schach Meisterschaft - Vorrunde 2"]
[Site "Online - Playchess.com"]
[Date ""]
[Round "9"]
[Board "67"]
[White "Weichhart, Daniel"]
[Black "Gugler, Giorgio"]
[Result "1/2-1/2"]
[WhiteElo "1648"]
[BlackElo "1405"]
[PlyCount "154"]
[EventDate "2020.04.13"]
[EventRounds "9"]
[EventCountry "AUT"]

1. e4 c5 2. Nc3 Nc6 3. g3 e6 4. Bg2 Be7 5. d3 a6 6. Nge2 b6 7. Be3 Bb7 8. Qd2 Rb8
9. a4 Nf6 10. f4 O-O 11. O-O Ng4 12. f5 Nxe3 13. Qxe3 Ne5 14. fxe6 dxe6 15. Nf4 Bg5
16. Kh1 g6 17. Rae1 Bh6 18. Nxe6 Bxe3 19. Nxd8 Bd4 20. Nxb7 Rxb7 21. Rb1 Ng4 22.
Nd1 Ne3 23. Nxe3 Bxe3 24. Rf3 Bd4 25. c3 Be5 26. Rbf1 b5 27. axb5 Rxb5 28. R3f2 a5
29. Ra1 Ra8 30. Bh3 a4 31. Bd7 Rba5 32. Bc6 a3 33. b4 cxb4 34. cxb4 Bxa1 35. bxa5
Rxa5 36. Ra2 Bb2 37. Bd5 Rc5 38. Bc4 Kg7 39. Kg2 f5 40. exf5 Rxf5 41. g4 Rf4 42.
Kg3 Rf1 43. Bd5 Rg1+ 44. Kf3 Re1 45. Bc4 Kf6 46. h3 g5 47. Bg8 h6 48. Bd5 Ke5 49.
Bc4 Kd4 50. Kf2 Rh1 51. Kg2 Rc1 52. Kf2 Rxc4 53. dxc4 Kxc4 54. Ke3 Kb3 55. Rxa3+
Kxa3 56. Ke4 Kb4 57. Kf5 Kc5 58. Kg6 Kd6 59. Kxh6 Bf6 60. Kg6 Ke7 61. Kf5 Kf7 62.
Ke4 Ke6 63. Kf3 Ke5 64. Kg3 Ke4 65. h4 gxh4+ 66. Kh3 Kf4 67. g5 Bxg5 68. Kh2 Kg4
69. Kh1 Kh3 70. Kg1 Bf4 71. Kh1 Kg3 72. Kg1 h3 73. Kh1 Kf3 74. Kg1 Ke2 75. Kh1 Kf3
76. Kg1 Kg3 77. Kh1 h2  1/2-1/2

[Event "1. OEsterreichische Internet Schach Meisterschaft - Vorrunde 2"]
[Site "Online - Playchess.com"]
[Date ""]
[Round "9"]
[Board "68"]
[White "Tischler, Michel"]
[Black "Wilplinger, Hugo"]
[Result "1-0"]
[WhiteElo "1517"]
[BlackElo "1629"]
[PlyCount "97"]
[EventDate "2020.04.13"]
[EventRounds "9"]
[EventCountry "AUT"]

1. e4 d5 2. exd5 Qxd5 3. Nc3 Qa5 4. d4 Nf6 5. Nf3 Nc6 6. Bc4 Bg4 7. Be3 O-O-O 8.
h3 Bxf3 9. Qxf3 e6 10. Rd1 Bb4 11. O-O Bxc3 12. bxc3 Qh5 13. Qxh5 Nxh5 14. Rb1 a6
15. a4 Na5 16. Be2 Nf6 17. Bf3 Nd5 18. Bd2 Nc4 19. Be3 Nxc3 20. Rxb7 Nxe3 21. fxe3
Nd5 22. Rb3 Rhf8 23. Rfb1 Kd7 24. a5 f5 25. c4 Nf6 26. Bb7 Ne4 27. R3b2 Nc3 28. Rc1
Ne4 29. Bxa6 Ra8 30. Bb5+ Ke7 31. Ra2 Ng3 32. a6 Ra7 33. Rb1 Rb8 34. Rc1 Rxb5 35.
cxb5 Kd6 36. Rac2 h5 37. Rc6+ Kd7 38. R6c3 Ne2+ 39. Kf2 Nxc1 40. Rxc1 Kd6 41. Kf3
g5 42. g4 fxg4+ 43. hxg4 h4 44. e4 Ra8 45. Rc5 e5 46. Rxe5 Rf8+ 47. Kg2 Rf4 48. a7
Rxg4+ 49. Kh2  1-0

[Event "1. OEsterreichische Internet Schach Meisterschaft - Vorrunde 2"]
[Site "Online - Playchess.com"]
[Date ""]
[Round "9"]
[Board "69"]
[White "Riegler, Moritz"]
[Black "Wimmer, Norbert"]
[Result "0-1"]
[WhiteElo "1705"]
[BlackElo "1973"]
[PlyCount "68"]
[EventDate "2020.04.13"]
[EventRounds "9"]
[EventCountry "AUT"]

1. d4 Nf6 2. Nf3 e6 3. e3 b6 4. Bd3 d5 5. Nbd2 Bb7 6. O-O Nbd7 7. Qe2 Be7 8. c3 O-O
9. e4 dxe4 10. Nxe4 Nxe4 11. Bxe4 Bxe4 12. Qxe4 Nf6 13. Qd3 c5 14. Qc2 cxd4 15. Nxd4
Rc8 16. Nf3 Qc7 17. Be3 b5 18. Rfd1 b4 19. Bd4 Nd5 20. Qe4 bxc3 21. bxc3 Bf6 22.
Bxf6 Nxf6 23. Qe3 Nd5 24. Qe1 Qxc3 25. Qf1 Qa5 26. Qd3 Nf6 27. Qe3 h6 28. Ne5 Rc2
29. a3 Rfc8 30. Nf3 R2c3 31. Qd2 Qc5 32. Rab1 Rc2 33. Qd3 Qxf2+ 34. Kh1 Qxg2#  0-1

[Event "1. OEsterreichische Internet Schach Meisterschaft - Vorrunde 2"]
[Site "Online - Playchess.com"]
[Date ""]
[Round "9"]
[Board "70"]
[White "Holzleithner, Johannes"]
[Black "Steiner, Adam"]
[Result "1-0"]
[WhiteElo "1979"]
[BlackElo "2251"]
[PlyCount "105"]
[EventDate "2020.04.13"]
[EventRounds "9"]
[EventCountry "AUT"]

1. e4 c6 2. d4 d5 3. Nd2 dxe4 4. Nxe4 Nd7 5. Nf3 Ngf6 6. Nxf6+ Nxf6 7. Bd3 Bg4 8.
c3 e6 9. h3 Bh5 10. O-O Bd6 11. Bg5 Qc7 12. Be2 O-O-O 13. b4 Rd7 14. a4 Ne4 15. Be3
Nxc3 16. Qd2 Nxe2+ 17. Qxe2 Bf4 18. Rfc1 Bxe3 19. fxe3 Qg3 20. Qf2 Qxf2+ 21. Kxf2
Bxf3 22. Kxf3 Kb8 23. Rc5 Rd5 24. Rac1 Rhd8 25. g4 Rxc5 26. Rxc5 Rd5 27. Rc2 e5 28.
dxe5 Rxe5 29. Rc4 a5 30. bxa5 Rxa5 31. Re4 Ra7 32. Re8+ Kc7 33. Re7+ Kb6 34. Rxf7
Rxa4 35. Rxg7 c5 36. Rxh7 c4 37. Ke2 Ra2+ 38. Kd1 Kc6 39. g5 b5 40. g6 b4 41. Rh4
Kb5 42. g7 Ra8 43. Rh8 Ra1+ 44. Ke2 Rg1 45. g8=Q Rxg8 46. Rxg8 b3 47. Kd2 Kb4 48.
Rb8+ Ka3 49. Kc3 Ka2 50. Kxc4 b2 51. e4 b1=Q 52. Rxb1 Kxb1 53. e5  1-0

[Event "1. OEsterreichische Internet Schach Meisterschaft - Vorrunde 2"]
[Site "Online - Playchess.com"]
[Date ""]
[Round "9"]
[Board "71"]
[White "Kranz, Armin"]
[Black "Ussar, Reinhard"]
[Result "1/2-1/2"]
[WhiteElo "2119"]
[BlackElo "1676"]
[PlyCount "115"]
[EventDate "2020.04.13"]
[EventRounds "9"]
[EventCountry "AUT"]

1. d4 Nf6 2. Nf3 d5 3. c4 c6 4. Nc3 Bf5 5. Qb3 Qb6 6. c5 Qxb3 7. axb3 e6 8. b4 Nbd7
9. b5 Be7 10. Bf4 O-O 11. h3 Ne4 12. e3 g5 13. Bh2 f6 14. g4 Bg6 15. Be2 h5 16. Nd2
h4 17. f4 Kf7 18. Nf3 Ng3 19. Bxg3 hxg3 20. Rg1 Rh8 21. Bf1 Be4 22. Rxg3 gxf4 23.
exf4 f5 24. g5 Rag8 25. Nxe4 dxe4 26. Ng1 cxb5 27. Bxb5 Nf6 28. Bc4 Nh5 29. Rb3 Nxf4
30. Raa3 Rxg5 31. Rg3 Rgh5 32. Rxa7 Bh4 33. Rxb7+ Kf6 34. Rb6 Bxg3+ 35. Kd1 Re8 36.
c6 Nxh3 37. Nxh3 Rxh3 38. d5 Rd8 39. Ke2 Rh2+ 40. Ke3 Bc7 41. Ra6 f4+ 42. Kxe4 exd5+
43. Bxd5 Rxd5 44. Kxd5 f3 45. Ra3 f2 46. Rf3+ Ke7 47. b4 Kd8 48. b5 Rh5+ 49. Kc4
Bg3 50. b6 Rh4+ 51. Kd3 Rf4 52. Rxf4 Bxf4 53. Ke2 Bg3 54. Kf1 Kc8 55. c7 Kb7 56.
Kg2 Bxc7 57. bxc7 Kxc7 58. Kxf2  1/2-1/2

[Event "1. OEsterreichische Internet Schach Meisterschaft - Vorrunde 2"]
[Site "Online - Playchess.com"]
[Date ""]
[Round "9"]
[Board "72"]
[White "Rampler, Evelyn"]
[Black "Horvath, Maria"]
[Result "1/2-1/2"]
[WhiteElo "1806"]
[BlackElo "1995"]
[PlyCount "135"]
[EventDate "2020.04.13"]
[EventRounds "9"]
[EventCountry "AUT"]

1. e4 c5 2. Nc3 Nc6 3. g3 g6 4. Bg2 Bg7 5. d3 d6 6. Be3 e6 7. Qd2 Nd4 8. Nge2 Ne7
9. O-O O-O 10. Bh6 f5 11. Bxg7 Kxg7 12. exf5 gxf5 13. Qg5+ Ng6 14. Qxd8 Rxd8 15.
Nxd4 cxd4 16. Ne2 e5 17. f4 Rb8 18. c3 dxc3 19. bxc3 Bd7 20. Rab1 Bc6 21. Bh3 Ne7
22. fxe5 dxe5 23. Bxf5 Nxf5 24. Rxf5 Rxd3 25. Rxe5 Rd2 26. a3 Ra2 27. Rb3 Rd8 28.
Nd4 Rg2+ 29. Kf1 Rxh2 30. Ne6+ Kf6 31. Nxd8 Kxe5 32. Nxb7 Be4 33. Nc5 Bc2 34. Rb7
a5 35. Ra7 a4 36. Nxa4 Rh1+ 37. Kg2 Ra1 38. Nc5 Ra2 39. Kf3 Kd5 40. Nd7 Kc4 41. Ne5+
Kxc3 42. Rc7+ Kd2 43. Nc4+ Kd3 44. Ne5+ Kd4 45. Nc6+ Kd5 46. Nb4+ Kd6 47. Rc6+ Kd7
48. Rxc2 Rxa3+ 49. Kg4 Ra4 50. Rc4 Ke6 51. Re4+ Kf6 52. Nd5+ Kf7 53. Rxa4 Ke6 54.
Nf4+ Kf6 55. Ra6+ Kg7 56. Kg5 h6+ 57. Rxh6 Kf7 58. Nd5 Kg7 59. Rg6+ Kf7 60. Kf5 Ke8
61. Ke6 Kd8 62. Kd6 Ke8 63. Rg7 Kf8 64. Ra7 Kg8 65. g4 Kf8 66. g5 Kg8 67. g6 Kf8
68. Nf6  1/2-1/2

[Event "1. OEsterreichische Internet Schach Meisterschaft - Vorrunde 2"]
[Site "Online - Playchess.com"]
[Date ""]
[Round "9"]
[Board "73"]
[White "Kubik, Gerhard"]
[Black "Stolzlechner, Andreas"]
[Result "0-1"]
[WhiteElo "1985"]
[BlackElo "1835"]
[PlyCount "60"]
[EventDate "2020.04.13"]
[EventRounds "9"]
[EventCountry "AUT"]

1. d4 d5 2. Nc3 c6 3. e4 e6 4. e5 g6 5. f4 Ne7 6. Nf3 Nd7 7. Bd3 b5 8. Ne2 a6 9.
O-O c5 10. c3 c4 11. Bc2 h5 12. Nh4 Bh6 13. Ng3 Bb7 14. f5 exf5 15. Bxh6 Rxh6 16.
Qd2 Rh8 17. Rae1 Nf8 18. Nhxf5 gxf5 19. Nxf5 Nxf5 20. Rxf5 Bc8 21. Rf6 Be6 22. Ref1
Qe7 23. b3 Nd7 24. R6f2 cxb3 25. axb3 Rg8 26. c4 Qg5 27. Qa5 Bh3 28. e6 fxe6 29.
Qc7 Bxg2 30. Bg6+ Qxg6  0-1

[Event "1. OEsterreichische Internet Schach Meisterschaft - Vorrunde 2"]
[Site "Online - Playchess.com"]
[Date ""]
[Round "9"]
[Board "74"]
[White "Galler, Alexander"]
[Black "Huber, Guenther"]
[Result "0-1"]
[WhiteElo "1772"]
[BlackElo "1979"]
[PlyCount "186"]
[EventDate "2020.04.13"]
[EventRounds "9"]
[EventCountry "AUT"]

1. e4 b6 2. Nc3 Bb7 3. f4 e6 4. Nf3 Bb4 5. d3 Nf6 6. Be2 O-O 7. O-O d5 8. e5 Nfd7
9. d4 c5 10. Be3 Bxc3 11. bxc3 Nc6 12. Bb5 a6 13. Bxc6 Bxc6 14. Rb1 Rb8 15. Qd3 Bb5
16. Rxb5 axb5 17. Qxb5 Qe7 18. Rb1 Rfc8 19. h3 cxd4 20. Bxd4 Nc5 21. a4 Ne4 22. Rb3
h6 23. a5 bxa5 24. Qxb8 Rxb8 25. Rxb8+ Kh7 26. Ra8 Qa3 27. Ra7 Qc1+ 28. Kh2 Qxf4+
29. Kg1 Ng3 30. Rxa5 Ne2+ 31. Kh1 Nxd4 32. cxd4 Qc1+ 33. Kh2 Qxc2 34. Ra7 Qf5 35.
Re7 Qf4+ 36. Kg1 Kg6 37. Kf2 f6 38. Rxe6 Kf7 39. Rd6 fxe5 40. dxe5 g5 41. Rxd5 h5
42. e6+ Ke7 43. Rxg5 Kxe6 44. Rxh5 Kf6 45. Rh4 Qc1 46. Kg3 Qc7+ 47. Kf2 Kg6 48. Rg4+
Kf5 49. Nd4+ Ke5 50. Nf3+ Kd5 51. Rg5+ Kc4 52. h4 Qh7 53. g3 Kd3 54. Rd5+ Kc4 55.
Re5 Qc2+ 56. Re2 Qc1 57. g4 Qh1 58. Kg3 Kd3 59. Rg2 Ke3 60. Ng1 Ke4 61. Re2+ Kd3
62. Rg2 Ke3 63. Re2+ Kd3 64. Rg2 Kd4 65. Nf3+ Ke4 66. Ng1 Ke5 67. Re2+ Kf6 68. Rf2+
Kg6 69. Rg2 Kh6 70. Rf2 Qxg1+ 71. Kf3 Qh1+ 72. Kg3 Qd1 73. Rf6+ Kg7 74. g5 Qe1+ 75.
Kg4 Qg1+ 76. Kh3 Qe3+ 77. Kg4 Qe2+ 78. Kg3 Qh5 79. Rf4 Qd1 80. Rf6 Qd3+ 81. Kg4 Qe2+
82. Kg3 Qe3+ 83. Kg4 Qe5 84. Rf5 Qe6 85. Kf4 Qc4+ 86. Kg3 Qd3+ 87. Rf3 Qe4 88. Rf4
Qh1 89. Kg4 Qg2+ 90. Kh5 Qe2+ 91. Rg4 Qf3 92. g6 Qe2 93. Kg5 Qe5#  0-1

[Event "1. OEsterreichische Internet Schach Meisterschaft - Vorrunde 2"]
[Site "Online - Playchess.com"]
[Date ""]
[Round "9"]
[Board "75"]
[White "Koglbauer, Uwe"]
[Black "Gallob, Marko"]
[Result "0-1"]
[WhiteElo "1666"]
[BlackElo "1961"]
[PlyCount "110"]
[EventDate "2020.04.13"]
[EventRounds "9"]
[EventCountry "AUT"]

1. e4 e6 2. d4 d5 3. Nc3 Nf6 4. Bg5 Bb4 5. e5 h6 6. exf6 hxg5 7. fxg7 Rg8 8. Qh5
Qf6 9. Nf3 Qxg7 10. Bd3 Nc6 11. a3 Be7 12. Ne2 g4 13. Ne5 Nxe5 14. Qxe5 Qxe5 15.
dxe5 Rg5 16. O-O-O Rxe5 17. Ng3 Bd7 18. h4 O-O-O 19. h5 c5 20. Be2 f5 21. c4 f4 22.
cxd5 fxg3 23. Bxg4 gxf2 24. h6 Bf6 25. h7 Bh8 26. d6 Rf8 27. Bf3 Rf4 28. Rdf1 Rc4+
29. Kb1 Re1+ 30. Rxe1 fxe1=Q+ 31. Rxe1 Rh4 32. Be4 Be8 33. Bc2 Rh6 34. g4 Bg6 35.
Bxg6 Rxg6 36. Rf1 Rf6 37. Rd1 Kd7 38. g5 Rf8 39. g6 Bg7 40. Rd3 Rf1+ 41. Kc2 Rf6
42. Rg3 Rf2+ 43. Kd3 Rf8 44. Ke4 Kxd6 45. Rd3+ Ke7 46. Rd2 Bh6 47. Rg2 Bg7 48. Rg4
e5 49. Rg5 Ke6 50. Rg4 Kf6 51. Rg2 Ke6 52. Rg1 Rf4+ 53. Ke3 Rh4 54. Rg4 Rxg4 55.
Kf3 Rxg6  0-1

[Event "1. OEsterreichische Internet Schach Meisterschaft - Vorrunde 2"]
[Site "Online - Playchess.com"]
[Date ""]
[Round "9"]
[Board "76"]
[White "Filek, Mattias"]
[Black "Riegler, Leonie"]
[Result "1-0"]
[WhiteElo "1932"]
[BlackElo "1579"]
[PlyCount "119"]
[EventDate "2020.04.13"]
[EventRounds "9"]
[EventCountry "AUT"]

1. e4 c5 2. Nf3 Nc6 3. d4 cxd4 4. Nxd4 e6 5. Nc3 a6 6. Be3 Qc7 7. Qf3 Nf6 8. Nxc6
bxc6 9. Qg3 Qb7 10. Rb1 d5 11. exd5 cxd5 12. Bd4 Qe7 13. Bd3 Nh5 14. Qf3 Nf6 15.
Be5 Bb7 16. O-O d4 17. Ne4 Nxe4 18. Bxe4 Bxe4 19. Qxe4 Rd8 20. Bxd4 Qd7 21. Rbd1
Bc5 22. c3 O-O 23. Qe5 f6 24. Qxc5 e5 25. h3 exd4 26. Rxd4 Qe6 27. Rfd1 Rxd4 28.
Qxd4 Re8 29. Qd5 Qxd5 30. Rxd5 Re2 31. Ra5 Rxb2 32. Rxa6 Rc2 33. a4 Rxc3 34. Ra7
Ra3 35. a5 h6 36. a6 Kh7 37. Ra8 Kg6 38. a7 Kg5 39. f3 g6 40. Kf2 Kf4 41. g3+ Kf5
42. Ke2 h5 43. Kf2 Kg5 44. g4 hxg4 45. hxg4 Ra2+ 46. Ke3 Ra3+ 47. Ke4 Ra4+ 48. Kd5
Kf4 49. Ke6 Kxf3 50. Kxf6 Kxg4 51. Kxg6 Ra6+ 52. Kf7 Kf5 53. Ke7 Ke5 54. Kd7 Kd5
55. Kc7 Kc5 56. Kb7 Kb5 57. Rg8 Rb6+ 58. Kc8 Ra6 59. Rg5+ Kb6 60. Kb8  1-0